Návary a žárové nástřiky : Sborník přednášek

Saved in:
Bibliographic Details
Format: Book
Language:Czech
Published: Ostrava : Dom techniky ČSVTS, 1990
Subjects:
Tags: Add Tag
No Tags, Be the first to tag this record!

MARC

LEADER 00000nam a22000003a 4500
001 stu39701
005 20150408180728.2
008 930222s1990----cs------------------cze-d
040 |a STU  |b slo 
041 0 |a cze 
044 |a cs 
080 |a 621.791.92 
080 |a 621.793.7(082) 
245 |a Návary a žárové nástřiky :  |b Sborník přednášek 
260 |a Ostrava :  |b Dom techniky ČSVTS,  |c 1990 
300 |a 109 s 
650 7 |a návary  |2 stusub 
650 7 |a zborníky  |2 stusub 
650 7 |a Pokovovanie  |2 stusub 
996 |b MZ 418  |c M*Z-418  |l MMKN  |s A  |a 24  |w stu39701_0001